| 000 | 00382nam a22001457a 4500 | ||
|---|---|---|---|
| 082 | _aP-449 B | ||
| 100 |
_aSGT M Zeeshan _948253 |
||
| 245 | _aLife Slab and Tilt up wall panel for medium height buildings | ||
| 260 |
_aRisalpur _bMCE _c2010 |
||
| 300 | _a118 P.: | ||
| 526 |
_a0 _b0 _c0 _dP_449_B |
||
| 650 | _aProject | ||
| 700 |
_aAsst Prof Zahid Tauqir _948254 |
||
| 942 |
_2ddc _cBK |
||
| 999 |
_c551248 _d551248 |
||